000 00547nam a22001937a 4500
999 _c9350
_d9350
003 AR-CdUCM
008 190327b ||||| |||| 00| 0 spa d
040 _aMUNICIPALIDAD PROVINCIAL DEL CUSCO
_cBIBLIOTECA MUNICIPAL DEL CUSCO
082 _a869.56 /
_bV18
100 _aValcárcel, Gustavo
_9737
245 _aEnsayos /
260 _aPerú :
_bEditora Perú Nuevo.
300 _a133 páginas ;
_c17cm
505 _aContenido: Ensayos
650 _aEnsayos
_91010
650 _aLiteratura peruana
_97175
942 _2ddc
_cLIBROS
945 _anom